00557nam a2200205 a 4500001001300000003000900013005001700022008004100039020002600080082001700106100002300123245004200146260004400188300000900232500003500241505001000276650002900286650001300315700002300328nice12345678IN_TiNIC20260116012938.0050524s1986 mica grp 000 0 eng  a0802843 c703.6400a261.836bHAL aHall, Douglas John aImaging Godb Dominion as Stewardship aMichiganbWilliam B.Eerdmans Pub c1986 a248p aincludes index and biblioraphy2 aIndex aEcology and Christianity aTheology1 aHall, Douglas John